| 000 | 00438nam a22001697a 4500 | ||
|---|---|---|---|
| 999 |
_c11765 _d11765 |
||
| 008 | 210102b ||||| |||| 00| 0 eng d | ||
| 020 | _a9789333201452 | ||
| 082 |
_a621.388 _bCHI |
||
| 100 | _aChitode, J. S. | ||
| 245 | _aTelevision engineering | ||
| 260 |
_aPune _bTechnical publications _c2015 |
||
| 300 |
_ax, 6-6p. _bPbc |
||
| 650 | _aBasic TV principles | ||
| 650 | _aScanning principles | ||
| 650 | _aCamera Tubes | ||
| 942 | _cBK | ||